Clint Eastwood Oscar Nominations - Statistics

General Stats
  • This quiz has been taken 24 times
  • The average score is 3 of 5
Answer Stats
Release Year Movie % Correct
2004 Million Dollar Baby
96%
1992 Unforgiven
96%
2014 American Sniper
61%
2003 Mystic River
52%
2006 Letters From Iwo Jima
39%
No matching quizzes found
Score Distribution
Percent of People with Each Score
Percentile by Number Answered
Your Score History
You have not taken this quiz